Statistics for Countries Closest to United Kingdom (with a map)

Click here to take the quiz!

General Stats

  • This quiz has been taken 145 times
  • The average score is 18 of 20

Answers on the Map

Answers color-coded by a green-red scale on the quiz's map according to % correct below.
 

Answer Stats

country% Correct
France
100%
Germany
98%
Ireland
98%
Belgium
97%
Netherlands
97%
Spain
97%
Norway
96%
Sweden
93%
Iceland
92%
Portugal
92%
Denmark
91%
Italy
90%
Switzerland
85%
Luxembourg
84%
Austria
82%
Andorra
81%
Poland
76%
Czechia
73%
Liechtenstein
72%
Monaco
71%

Score Distribution

Percentile by Number Answered

Percent of People with Each Score

Your Score History

You have not taken this quiz